འབྲུག་གི་འགངས་ཅན་མཇལ་ཁ། འབྲུག་གི་བྱིན་ཅན་སྒྱུ་རྩལ། (Record no. 4406)
[ view plain ]
| 000 -LEADER | |
|---|---|
| fixed length control field | 01039cam a2200253 4500 |
| 001 - CONTROL NUMBER | |
| control field | 5248 |
| 005 - DATE AND TIME OF LATEST TRANSACTION | |
| control field | 20200701104604.0 |
| 008 - FIXED-LENGTH DATA ELEMENTS--GENERAL INFORMATION | |
| fixed length control field | 070924s2008 iluab bc 001 0 eng |
| 010 ## - LIBRARY OF CONGRESS CONTROL NUMBER | |
| LC control number | 2007039531 |
| 020 ## - INTERNATIONAL STANDARD BOOK NUMBER | |
| International Standard Book Number | 9781932476354 |
| International Standard Book Number | 9789993678465 (pbk.) |
| 043 ## - GEOGRAPHIC AREA CODE | |
| Geographic area code | a-bt--- |
| 245 04 - TITLE STATEMENT | |
| Title | འབྲུག་གི་འགངས་ཅན་མཇལ་ཁ། འབྲུག་གི་བྱིན་ཅན་སྒྱུ་རྩལ། |
| 246 ## - VARYING FORM OF TITLE | |
| Title proper/short title | The dragon's gift : the sacred arts of Bhutan. |
| 250 ## - EDITION STATEMENT | |
| Edition statement | 1st ed. |
| 260 ## - PUBLICATION, DISTRIBUTION, ETC. | |
| Place of publication, distribution, etc. | [Thimphu] : |
| Name of publisher, distributor, etc. | Honolulu Academy of Arts, |
| Date of publication, distribution, etc. | 2010. |
| 300 ## - PHYSICAL DESCRIPTION | |
| Extent | 482 p. : |
| Other physical details | col. ill., col. map ; |
| Dimensions | 31 cm. |
| 500 ## - GENERAL NOTE | |
| General note | Catalog of an exhibition held at the Honolulu Academy of Arts, Hawaii, in 2008. |
| General note | Edited by Terese Tse Bartholomew and John Johnston in English version. |
| 504 ## - BIBLIOGRAPHY, ETC. NOTE | |
| Bibliography, etc. note | Includes bibliographical references (p. 382-385) and index. |
| 650 #0 - SUBJECT ADDED ENTRY--TOPICAL TERM | |
| Topical term or geographic name entry element | Buddhist art and symbolism |
| Geographic subdivision | Bhutan |
| Form subdivision | Exhibitions. |
| 710 2# - ADDED ENTRY--CORPORATE NAME | |
| Corporate name or jurisdiction name as entry element | Honolulu Academy of Arts. |
| 942 ## - ADDED ENTRY ELEMENTS (KOHA) | |
| Source of classification or shelving scheme | Dewey Decimal Classification |
| Koha item type | Dzongkha |
| Withdrawn status | Lost status | Source of classification or shelving scheme | Damaged status | Not for loan | Collection code | Home library | Current library | Shelving location | Date acquired | Serial Enumeration / chronology | Inventory number | Total Checkouts | Total Renewals | Full call number | Barcode | Date last seen | Date last checked out | Copy number | Price effective from | Koha item type |
|---|---|---|---|---|---|---|---|---|---|---|---|---|---|---|---|---|---|---|---|---|
| Dewey Decimal Classification | Dzongkha | RTC Library | RTC Library | Dzongkha | 24/03/2021 | 8567 | 2 | 5 | 704.94893 THO | 30008996 | 28/06/2021 | 19/05/2021 | 1 | 27/11/2018 | Dzongkha | |||||
| Dewey Decimal Classification | Dzongkha | RTC Library | RTC Library | Dzongkha | 8568 | 2 | 2 | 704.94893 THO | 30008982 | 10/08/2020 | 14/04/2020 | 2 | 27/11/2018 | Dzongkha |